| 000 | 00449nam a2200157Ia 4500 | ||
|---|---|---|---|
| 003 | GCL | ||
| 008 | 140319s9999 xx 000 0 eng d | ||
| 040 |
_aGCL / _cGCL |
||
| 082 | 0 | 4 |
_a658.8 _bM I |
| 100 | 1 | _aMARRIS, MICHAEL H. | |
| 245 | 1 | 0 |
_aINDUSTRIAL AND ORGANIZATIONAL MARKETING: 2nd ed / _cMARRIS, MICHAEL H. |
| 260 |
_a[S.N] : _bMACMILLAN PUBLESHING COMPANY ، _c1992 |
||
| 300 | _a784 P | ||
| 650 | 0 | 4 | _aINDUSTRIAL MARKETING |
| 942 |
_2ddc _cBK |
||
| 999 |
_c20599 _d20599 |
||